[Event "Hohhot National op"]
[Site "Hohhot"]
[Date "2023.12.24"]
[Round "9"]
[White "Xu, Yuze"]
[Black "Zhou, Yuxu"]
[Result "1/2-1/2"]
[WhiteElo "2004"]
[BlackElo "1490"]
[PlyCount "59"]
[EventDate "2023.12.20"]
[EventType "swiss"]
[EventRounds "9"]
[EventCountry "CHN"]
[SourceTitle "CB52_2023"]
[SourceDate "2023.12.27"]
[SourceVersion "1"]
[SourceVersionDate "2023.12.27"]
[SourceQuality "1"]

1. e4 c5 2. c3 Nf6 3. e5 Nd5 4. d4 cxd4 5. Nf3 d6 6. cxd4 Nc6 7. Bc4 Nb6 8. Bb5 dxe5 9. Nxe5 Bd7 10. Nxd7 Qxd7 11. Nc3 e6 12. 0-0 Rd8 13. Be3 Be7 14. Qg4 0-0 15. Rfd1 g6 16. Rac1 h5 17. Qf3 a6 18. Bd3 Nd5 19. Nxd5 exd5 20. h3 Kg7 21. Bb1 Bd6 22. a3 Bb8 23. Rc3 Qd6 24. g3 h4 25. Kg2 hxg3 26. fxg3 Rh8 27. h4 Rde8 28. Bf4 Qf6 29. Bxb8 Qxf3+ 30. Kxf3 1/2-1/2

[Event "Hohhot National op"]
[Site "Hohhot"]
[Date "2023.12.22"]
[Round "6"]
[White "Xu, Yuze"]
[Black "Wang, Yinuo"]
[Result "0-1"]
[WhiteElo "2004"]
[BlackElo "1506"]
[PlyCount "89"]
[EventDate "2023.12.20"]
[EventType "swiss"]
[EventRounds "9"]
[EventCountry "CHN"]
[SourceTitle "CB52_2023"]
[SourceDate "2023.12.27"]
[SourceVersion "1"]
[SourceVersionDate "2023.12.27"]
[SourceQuality "1"]

1. e4 c5 2. c3 d5 3. exd5 Qxd5 4. d4 Nf6 5. Nf3 Nc6 6. Be2 e6 7. Na3 cxd4 8. Nb5 Qd7 9. Nbxd4 Be7 10. 0-0 0-0 11. Bb5 Qc7 12. Qe2 Bd7 13. Bg5 Nxd4 14. Nxd4 Bxb5 15. Nxb5 Qa5 16. b4 Qa4 17. Nd4 Rfe8 18. Rfc1 Nd5 19. Bxe7 Rxe7 20. a3 Rd8 21. Qc2 Qxc2 22. Rxc2 Nb6 23. Kf1 Nc4 24. Ke2 e5 25. Nf5 Rc7 26. Ne3 e4 27. Nxc4 Rxc4 28. Rd2 Rxd2+ 29. Kxd2 f5 30. Kc2 Kf7 31. Rd1 Ke6 32. Kb3 Rc6 33. Rd4 Rd6 34. Kc4 Rc6+ 35. Kb3 Rd6 36. Kc4 b5+ 37. Kxb5 Rxd4 38. cxd4 Kd5 39. Ka6 f4 40. Kxa7 e3 41. fxe3 fxe3 42. b5 e2 43. b6 e1Q 44. b7 Qa5+ 45. Kb8 0-1

[Event "China zt 3.5 (Women)"]
[Site "Shenzhen"]
[Date "2023.04.11"]
[Round "7"]
[White "Wang, Chuqiao"]
[Black "Xu, Yuze"]
[Result "1-0"]
[WhiteElo "2022"]
[BlackElo "2003"]
[PlyCount "107"]
[EventDate "2023.04.05"]
[EventType "swiss"]
[EventRounds "9"]
[EventCountry "CHN"]
[SourceTitle "CBM 213 Extra"]
[Source "ChessBase"]
[SourceDate "2023.05.31"]
[SourceVersion "1"]
[SourceVersionDate "2023.05.31"]
[SourceQuality "1"]

1. d4 Nf6 2. c4 e6 3. Nc3 d5 4. cxd5 exd5 5. Bg5 Be7 6. e3 0-0 7. Bd3 c6 8. Nf3 Ne4 9. Bxe7 Qxe7 10. Qc2 f5 11. a3 Be6 12. Ne5 Nd7 13. Nxd7 Bxd7 14. 0-0 Nxc3 15. bxc3 g6 16. a4 b6 17. c4 Be6 18. Rfc1 dxc4 19. Bxc4 Bd5 20. Bxd5+ cxd5 21. Qc6 Rad8 22. g3 Rd6 23. Qb5 g5 24. Rc6 f4 25. Rxd6 Qxd6 26. exf4 gxf4 27. Re1 fxg3 28. hxg3 Rf7 29. Re5 Rd7 30. Qe2 Qg6 31. Qe3 Qf6 32. Qe2 Qg6 33. Re8+ Kf7 34. Rc8 Qb1+ 35. Kh2 Qf5 36. Qe8+ Kf6 37. Qf8+ Kg5 38. Qg8+ Kh5 39. Rf8 Qg6 40. Qh8 Rf7 41. Qe5+ Kh6 42. Rxf7 Qxf7 43. f4 Qh5+ 44. Kg2 Kg6 45. Qe8+ Kh6 46. Qf8+ Kg6 47. Qg8+ Kf6 48. g4 Qg6 49. Qf8+ Qf7 50. Qd8+ Kg7 51. f5 Qb7 52. Kg3 Qc6 53. Qe7+ Kg8 54. f6 1-0

[Event "Shaoxing (Women) op"]
[Site "Shaoxing"]
[Date "2019.07.15"]
[Round "7"]
[White "Zhang, Xiao"]
[Black "Xu, Yuze"]
[Result "1-0"]
[WhiteElo "2259"]
[BlackElo "2083"]
[PlyCount "49"]
[EventDate "2019.07.08"]
[EventType "swiss"]
[EventRounds "9"]
[EventCountry "CHN"]
[SourceTitle "EXT 2020"]
[Source "ChessBase"]
[SourceDate "2019.10.17"]
[SourceVersion "1"]
[SourceVersionDate "2019.10.17"]
[SourceQuality "1"]

1. d4 Nf6 2. c4 e6 3. g3 Bb4+ 4. Nd2 Ne4 5. Bg2 Nxd2 6. Bxd2 Bxd2+ 7. Qxd2 0-0 8. Nf3 d5 9. 0-0 b6 10. cxd5 exd5 11. Rac1 Bb7 12. Qc2 c6 13. Ne5 Qd6 14. e4 f6 15. Ng4 dxe4 16. Bxe4 h5 17. Bh7+ Kh8 18. Ne3 f5 19. Nxf5 Qf6 20. Nh4 Rd8 21. Bg6 Rxd4 22. Qe2 Nd7 23. Qxh5+ Kg8 24. Qh7+ Kf8 25. Nf5 1-0

[Event "Shaoxing (Women) op"]
[Site "Shaoxing"]
[Date "2019.07.13"]
[Round "6"]
[White "Xu, Yuze"]
[Black "Hu, Yu A"]
[Result "1/2-1/2"]
[WhiteElo "2083"]
[BlackElo "2095"]
[PlyCount "40"]
[EventDate "2019.07.08"]
[EventType "swiss"]
[EventRounds "9"]
[EventCountry "CHN"]
[SourceTitle "EXT 2020"]
[Source "ChessBase"]
[SourceDate "2019.10.17"]
[SourceVersion "1"]
[SourceVersionDate "2019.10.17"]
[SourceQuality "1"]

1. e4 c5 2. c3 Nf6 3. e5 Nd5 4. d4 cxd4 5. Nf3 Nc6 6. cxd4 d6 7. Bc4 Nb6 8. Bb5 Bd7 9. Nc3 d5 10. 0-0 e6 11. a3 Be7 12. Qe2 0-0 13. Be3 Rc8 14. Nd2 Na5 15. Bd3 Nac4 16. Nxc4 Nxc4 17. f4 Nxe3 18. Qxe3 f5 19. Rfc1 Qb6 20. b4 Rc7 1/2-1/2

[Event "Shaoxing (Women) op"]
[Site "Shaoxing"]
[Date "2019.07.10"]
[Round "3"]
[White "Song, Yuxin"]
[Black "Xu, Yuze"]
[Result "1-0"]
[WhiteElo "2277"]
[BlackElo "2083"]
[PlyCount "89"]
[EventDate "2019.07.08"]
[EventType "swiss"]
[EventRounds "9"]
[EventCountry "CHN"]
[SourceTitle "EXT 2020"]
[Source "ChessBase"]
[SourceDate "2019.10.17"]
[SourceVersion "1"]
[SourceVersionDate "2019.10.17"]
[SourceQuality "1"]

1. e4 c5 2. Nf3 Nc6 3. d4 cxd4 4. Nxd4 g6 5. c4 Nf6 6. Nc3 Nxd4 7. Qxd4 d6 8. Be3 Bg7 9. f3 0-0 10. Qd2 a5 11. b3 a4 12. b4 Be6 13. Rc1 Nd7 14. Be2 Nb6 15. Nd5 Nxd5 16. exd5 Bd7 17. a3 e6 18. dxe6 Bxe6 19. Bg5 Qb6 20. Be3 Qd8 21. 0-0 d5 22. c5 d4 23. Bg5 Qd7 24. Bd3 Rfe8 25. Qc2 Bb3 26. Qf2 h6 27. Bf4 Rad8 28. b5 Bd5 29. h4 Rc8 30. Kh1 h5 31. Rfd1 Re6 32. Qg3 Bf8 33. Bf5 Bxc5 34. Be5 Qe7 35. Bxd4 b6 36. Bxc5 Rxc5 37. Rxc5 Qxc5 38. Bxe6 Bxe6 39. Qg5 Qxg5 40. hxg5 Bc4 41. Rd6 Bxb5 42. Rxb6 Bd7 43. Kh2 Kf8 44. Kg3 Ke7 45. Kf4 1-0

[Event "Shaoxing (Women) op"]
[Site "Shaoxing"]
[Date "2019.07.08"]
[Round "1"]
[White "Batsiashvili, Nino"]
[Black "Xu, Yuze"]
[Result "1/2-1/2"]
[WhiteElo "2433"]
[BlackElo "2083"]
[PlyCount "77"]
[EventDate "2019.07.08"]
[EventType "swiss"]
[EventRounds "9"]
[EventCountry "CHN"]
[SourceTitle "EXT 2020"]
[Source "ChessBase"]
[SourceDate "2019.10.17"]
[SourceVersion "1"]
[SourceVersionDate "2019.10.17"]
[SourceQuality "1"]

1. c4 c5 2. Nf3 Nf6 3. Nc3 Nc6 4. d4 cxd4 5. Nxd4 g6 6. e4 Nxd4 7. Qxd4 d6 8. Be3 Bg7 9. f3 0-0 10. Qd2 a5 11. Rd1 Be6 12. b3 Nd7 13. Be2 Nb6 14. 0-0 a4 15. f4 axb3 16. axb3 Ra3 17. Qb2 Nxc4 18. bxc4 Qa5 19. f5 Qxc3 20. Qxc3 Rxc3 21. Bg5 Bxc4 22. Bxc4 Rxc4 23. Bxe7 Re8 24. f6 Bf8 25. Bxf8 Kxf8 26. Rxd6 Rcxe4 27. Rb6 Rb8 28. Rfb1 Re6 29. Rxb7 Rxb7 30. Rxb7 Rxf6 31. h4 Kg7 32. g3 g5 33. hxg5 Rf5 34. Kg2 Rxg5 35. Kf3 Kg6 36. Rb6+ f6 37. Rb8 h5 38. Rg8+ Kf7 39. Ra8 1/2-1/2

[Event "CHN-chB (Women)"]
[Site "Hangzhou"]
[Date "2019.07.04"]
[Round "6"]
[White "Cai, Boheng"]
[Black "Xu, Yuze"]
[Result "1/2-1/2"]
[WhiteElo "1791"]
[BlackElo "2083"]
[PlyCount "122"]
[EventDate "2019.07.02"]
[EventType "swiss"]
[EventRounds "11"]
[EventCountry "CHN"]
[SourceTitle "CBM 191 Extra"]
[Source "ChessBase"]
[SourceDate "2019.09.30"]
[SourceVersion "1"]
[SourceVersionDate "2019.09.30"]
[SourceQuality "1"]

1. d4 Nf6 2. c4 e6 3. Nf3 Bb4+ 4. Bd2 Qe7 5. g3 Nc6 6. Nc3 Bxc3 7. Bxc3 Ne4 8. Rc1 d6 9. d5 Nxc3 10. Rxc3 Nb8 11. dxe6 Bxe6 12. Bg2 c6 13. Nd4 0-0 14. 0-0 Nd7 15. Re3 Ne5 16. Nxe6 fxe6 17. c5 Nc4 18. cxd6 Nxd6 19. Qb3 Rf6 20. Rd1 c5 21. Rc3 Rc8 22. Qc2 b6 23. Qd2 e5 24. Qd5+ Nf7 25. Qd7 Rc7 26. Qxe7 Rxe7 27. Rcd3 Ng5 28. Rd7 Kf7 29. h4 Ne6 30. e3 Nf8 31. Rd8 Re8 32. g4 Rfe6 33. R8d2 e4 34. Kh2 h6 35. Kg3 Nh7 36. Rd7+ R8e7 37. Rd8 g5 38. Bf1 gxh4+ 39. Kxh4 Rf6 40. Bc4+ Kg6 41. f4 Rf8 42. R8d7 Rfe8 43. R1d6+ Nf6 44. Rxe7 Rxe7 45. f5+ Kg7 46. g5 hxg5+ 47. Kxg5 Nh7+ 48. Kf4 Nf6 49. a4 Rd7 50. Rxd7+ Nxd7 51. Kxe4 Kf6 52. Kf4 Ne5 53. b3 Nc6 54. Bb5 Ne5 55. e4 Nf7 56. Bc4 Ne5 57. Bd5 Nd3+ 58. Ke3 Ne5 59. Kd2 Ke7 60. Kc3 a5 61. Kd2 Kf6 1/2-1/2

[Event "CHN-chB (Women)"]
[Site "Hangzhou"]
[Date "2019.07.02"]
[Round "2"]
[White "Xu, Yuze"]
[Black "Li, Mingjing"]
[Result "1-0"]
[WhiteElo "2083"]
[BlackElo "1633"]
[PlyCount "51"]
[EventDate "2019.07.02"]
[EventType "swiss"]
[EventRounds "11"]
[EventCountry "CHN"]
[SourceTitle "CBM 191 Extra"]
[Source "ChessBase"]
[SourceDate "2019.09.30"]
[SourceVersion "1"]
[SourceVersionDate "2019.09.30"]
[SourceQuality "1"]

1. e4 e6 2. d4 d5 3. Nd2 Be7 4. Ngf3 c5 5. c3 Nc6 6. Bd3 Nf6 7. e5 Nd7 8. 0-0 Qb6 9. dxc5 Nxc5 10. Bc2 Qc7 11. Re1 b6 12. Nb3 Ba6 13. Nbd4 Nd7 14. Nxc6 Qxc6 15. Nd4 Qc7 16. f4 g6 17. Kh1 Nc5 18. Ba4+ Kf8 19. f5 Nd3 20. Bh6+ Kg8 21. Qd2 exf5 22. Nxf5 Bc5 23. Re2 Bc8 24. Nd6 Ba6 25. Bb5 Nxe5 26. Qxd5 1-0

[Event "CHN-chT (Women)"]
[Site "Hangzhou"]
[Date "2018.06.20"]
[Round "3.6"]
[White "Xu, Yuze"]
[Black "Chi, Haoyuan"]
[Result "1-0"]
[WhiteElo "2040"]
[BlackElo "1506"]
[PlyCount "129"]
[EventDate "2018.06.19"]
[EventType "team-swiss"]
[EventRounds "9"]
[EventCountry "CHN"]
[SourceTitle "CBM 185 Extra"]
[Source "ChessBase"]
[SourceDate "2018.07.29"]
[SourceVersion "1"]
[SourceVersionDate "2018.07.29"]
[SourceQuality "1"]
[WhiteTeam "Guangdong (W)"]
[BlackTeam "Heilongjiang (W)"]
[WhiteTeamCountry "CHN"]
[BlackTeamCountry "CHN"]

1. e4 e6 2. d4 d5 3. Nd2 Nf6 4. e5 Nfd7 5. Bd3 c5 6. c3 Nc6 7. Ne2 cxd4 8. cxd4 Qb6 9. Nf3 Bb4+ 10. Bd2 Bxd2+ 11. Qxd2 f6 12. exf6 Nxf6 13. 0-0 0-0 14. Nc3 Kh8 15. Bb5 Bd7 16. Rfe1 Rfe8 17. a3 a6 18. Bxc6 Bxc6 19. Re3 Rad8 20. Ng5 Ne4 21. Ncxe4 dxe4 22. Nf7+ Kg8 23. Nxd8 Rxd8 24. Qc3 Rxd4 25. b4 Rd8 26. Rg3 Qc7 27. Rc1 Qd7 28. h4 Qf7 29. Qe5 h6 30. Qb2 Qe7 31. Qc3 Qf7 32. Re1 Rf8 33. f3 exf3 34. gxf3 Qf6 35. Qxf6 Rxf6 36. Kf2 Bd5 37. Ke3 Kf8 38. Rc1 Bc6 39. f4 Rf7 40. Rg6 Re7 41. Kd4 Rf7 42. Rf1 Ke7 43. Kc5 Be4 44. Rg3 Bc6 45. Re3 Kf6 46. Rfe1 Re7 47. Re5 Bd5 48. Kd6 Re8 49. f5 Rc8 50. fxe6 Bc6 51. Rf1+ Kg6 52. e7 Be8 53. Rc5 Rxc5 54. bxc5 Kh5 55. Rf8 Bc6 56. e8Q+ Bxe8 57. Rxe8 Kxh4 58. Kc7 g5 59. Kxb7 g4 60. c6 g3 61. c7 g2 62. Rg8 Kh3 63. c8Q+ Kh2 64. Qg4 h5 65. Qxg2# 1-0

[Event "CHN-chT"]
[Site "China"]
[Date "2018.04.12"]
[Round "2.1"]
[White "Gu, Tianlu"]
[Black "Xu, Yuze"]
[Result "1-0"]
[WhiteElo "2171"]
[BlackElo "2021"]
[PlyCount "95"]
[EventDate "2018.04.11"]
[EventType "team-tourn"]
[EventRounds "22"]
[EventCountry "CHN"]
[SourceTitle "CBM 183 Extra"]
[Source "ChessBase"]
[SourceDate "2018.04.19"]
[SourceVersion "1"]
[SourceVersionDate "2018.04.19"]
[SourceQuality "1"]
[WhiteTeam "Hangzhou Bank"]
[BlackTeam "Guangdong Ding Xin"]
[WhiteTeamCountry "CHN"]
[BlackTeamCountry "CHN"]

1. e4 c5 2. Nf3 Nc6 3. d4 cxd4 4. Nxd4 g6 5. c4 Nf6 6. Nc3 Nxd4 7. Qxd4 d6 8. Be2 Bg7 9. Be3 0-0 10. Qd2 a5 11. f3 a4 12. Kf2 Be6 13. Rac1 Nd7 14. Rhd1 Qa5 15. Nd5 Bxd5 16. cxd5 Nc5 17. Qxa5 Rxa5 18. Rb1 Rb8 19. Bd2 Ra7 20. Bb5 b6 21. Ke2 Bf6 22. Rdc1 Kg7 23. Rc4 h5 24. Bb4 g5 25. Kd2 Be5 26. h3 Kf6 27. Kc2 Kg6 28. Bd2 Kf6 29. h4 Bf4 30. hxg5+ Kxg5 31. Rh1 Bxd2 32. Kxd2 Rh8 33. Ke3 e6 34. dxe6 fxe6 35. Rd4 Rd8 36. f4+ Kg6 37. Rhd1 Ra5 38. Bc6 Kf7 39. Rxd6 Rxd6 40. Rxd6 Ke7 41. e5 h4 42. Rd1 Ra6 43. Rh1 b5 44. Bxb5 Rb6 45. Bc4 Rb4 46. Kd4 Nd7 47. Kc3 Rb8 48. Rxh4 1-0

[Event "Penang op-A 9th"]
[Site "Penang"]
[Date "2017.12.05"]
[Round "2"]
[White "Xu, Yuze"]
[Black "Aditya, Mittal"]
[Result "1-0"]
[WhiteElo "2030"]
[BlackElo "2288"]
[PlyCount "119"]
[EventDate "2017.12.04"]
[EventType "swiss"]
[EventRounds "9"]
[EventCountry "MAS"]
[SourceTitle "CBM 182 Extra"]
[Source "ChessBase"]
[SourceDate "2018.02.23"]
[SourceVersion "1"]
[SourceVersionDate "2018.02.23"]
[SourceQuality "1"]

1. e4 c5 2. c3 Nf6 3. e5 Nd5 4. d4 cxd4 5. Nf3 e6 6. cxd4 d6 7. Bc4 Be7 8. 0-0 0-0 9. Bd2 Nd7 10. Nc3 N7b6 11. Bb3 Nxc3 12. Bxc3 dxe5 13. dxe5 Bd7 14. Nd4 Bc5 15. Qf3 Rb8 16. Rfd1 Qe7 17. Qh5 g6 18. Qh6 Rfd8 19. Rd3 Qf8 20. Qh4 Be7 21. Qg4 Bb4 22. Rad1 Bxc3 23. bxc3 Bc6 24. h4 Bd5 25. h5 Nd7 26. hxg6 Nxe5 27. gxf7+ Kh8 28. Qf4 Nxd3 29. Rxd3 e5 30. Qxe5+ Qg7 31. Qxg7+ Kxg7 32. Bxd5 Rxd5 33. Ne6+ Kxf7 34. Rxd5 Kxe6 35. Rc5 Kd6 36. Rh5 Rh8 37. f4 Rf8 38. Rxh7 Rxf4 39. Rxb7 Ra4 40. Rb2 Rc4 41. Rc2 Ke5 42. Kf2 Kf4 43. Ke2 Ke4 44. Kd2 Rc7 45. c4 Kd4 46. c5 Rc6 47. g4 a5 48. Kc1 a4 49. Kb2 Kd3 50. Rc3+ Kd4 51. Rc1 Kd3 52. Ka3 Kd2 53. Rc4 Kd3 54. Kb4 Rc8 55. c6 Rb8+ 56. Kc5 a3 57. Ra4 Rg8 58. Rxa3+ Ke4 59. c7 Rg5+ 60. Kb6 1-0

[Event "Penang op-A 9th"]
[Site "Penang"]
[Date "2017.12.04"]
[Round "1"]
[White "Shravann, Suryaa VP"]
[Black "Xu, Yuze"]
[Result "0-1"]
[WhiteElo "1180"]
[BlackElo "2030"]
[PlyCount "46"]
[EventDate "2017.12.04"]
[EventType "swiss"]
[EventRounds "9"]
[EventCountry "MAS"]
[SourceTitle "CBM 182 Extra"]
[Source "ChessBase"]
[SourceDate "2018.02.23"]
[SourceVersion "1"]
[SourceVersionDate "2018.02.23"]
[SourceQuality "1"]

1. b3 d5 2. Bb2 c5 3. e3 Nc6 4. Bb5 Bd7 5. Nf3 e6 6. 0-0 Nf6 7. Be2 Bd6 8. c4 0-0 9. Nc3 a6 10. d3 Rc8 11. Rc1 Ne7 12. Nd2 Bc6 13. f3 Nf5 14. Qe1 Nxe3 15. Rf2 Nh5 16. Bd1 Qh4 17. g3 Qg5 18. Re2 Nxg3 19. Rxe3 Nf5+ 20. Kf2 Bxh2 21. Re5 Qg3+ 22. Kf1 Qg1+ 23. Ke2 Nd4# 0-1

[Event "Zibo zt 3.5 (Women)"]
[Site "Zibo"]
[Date "2017.08.14"]
[Round "11"]
[White "Guo, Weibao"]
[Black "Xu, Yuze"]
[Result "0-1"]
[WhiteElo "1882"]
[BlackElo "2142"]
[PlyCount "208"]
[EventDate "2017.08.07"]
[EventType "swiss"]
[EventRounds "11"]
[EventCountry "CHN"]
[SourceTitle "CBM 179 Extra"]
[Source "ChessBase"]
[SourceDate "2017.08.23"]
[SourceVersion "1"]
[SourceVersionDate "2017.08.23"]
[SourceQuality "1"]

1. Nf3 Nf6 2. c4 c5 3. g3 g6 4. Bg2 Bg7 5. Nc3 Nc6 6. 0-0 0-0 7. d4 cxd4 8. Nxd4 Nxd4 9. Qxd4 d6 10. Qd3 Bf5 11. e4 Be6 12. Rb1 Nd7 13. Nd5 Ne5 14. Qe2 f5 15. Bg5 Bf6 16. Bxf6 exf6 17. Bh3 Bxd5 18. cxd5 fxe4 19. Be6+ Kh8 20. Qxe4 f5 21. Qe3 Qf6 22. f4 Ng4 23. Qd2 Qg7 24. Rbc1 Nf6 25. Qc3 Ne8 26. Rf3 h5 27. Qd2 Qf6 28. Rfc3 Kg7 29. h4 Kh6 30. Rc8 Rxc8 31. Rxc8 Ng7 32. Rxf8 Qxf8 33. Qc3 Qe7 34. Bc8 b6 35. Kf2 Kh7 36. Qc6 Qf6 37. Qc3 Qe7 38. Qc6 Qe4 39. a3 Qd4+ 40. Kf3 Qxb2 41. a4 Qb4 42. Bd7 Qe4+ 43. Kf2 Qd4+ 44. Kf3 Qe4+ 45. Kf2 Qe7 46. Kf3 a5 47. Kf2 Kg8 48. Kf3 Kf7 49. Kf2 Kf8 50. Kf3 Qe4+ 51. Kf2 Qe7 52. Kf1 Kg8 53. Qc8+ Kh7 54. Kf2 Qf6 55. Qc6 Qd4+ 56. Kf3 Qe4+ 57. Kf2 Qe7 58. Kf1 Qe3 59. Kg2 Qe2+ 60. Kg1 Qf3 61. Kh2 Qf2+ 62. Kh3 Qg1 63. Qc2 Qh1+ 64. Qh2 Qxd5 65. Qg1 Qc5 66. Qe1 d5 67. Kg2 Qc2+ 68. Qf2 Qe4+ 69. Kh2 d4 70. Qd2 Qd5 71. Bb5 Ne6 72. Qe2 Qe4 73. Qc4 Kg7 74. Bc6 Qe3 75. Qd5 d3 76. Qd7+ Kf6 77. Bd5 Qf2+ 78. Kh3 Qf1+ 79. Kh2 Qe2+ 80. Kh3 Qf1+ 81. Kh2 Qe2+ 82. Kh3 Nxf4+ 83. gxf4 Qg4+ 84. Kh2 Qxf4+ 85. Kg2 Qd2+ 86. Kf3 Qe2+ 87. Kg3 Qg4+ 88. Kf2 Qxh4+ 89. Ke3 Qg3+ 90. Kd2 Kg5 91. Qd8+ Kg4 92. Qxb6 g5 93. Qxa5 f4 94. Be6+ Kh4 95. Qe5 g4 96. Bf7 Qh2+ 97. Kxd3 Qh3+ 98. Kd4 f3 99. Bxh5 f2 100. Qe7+ Kg3 101. Qe3+ Kg2 102. Qe2 Qxh5 103. a5 Kg1 104. Qe3 Qh3 0-1

[Event "Zibo zt 3.5 (Women)"]
[Site "Zibo"]
[Date "2017.08.11"]
[Round "7"]
[White "Xu, Yuze"]
[Black "Yan, Tianqi"]
[Result "0-1"]
[WhiteElo "2142"]
[BlackElo "1898"]
[PlyCount "156"]
[EventDate "2017.08.07"]
[EventType "swiss"]
[EventRounds "11"]
[EventCountry "CHN"]
[SourceTitle "CBM 179 Extra"]
[Source "ChessBase"]
[SourceDate "2017.08.23"]
[SourceVersion "1"]
[SourceVersionDate "2017.08.23"]
[SourceQuality "1"]

1. e4 e6 2. d4 d5 3. Nd2 c5 4. exd5 Qxd5 5. Ngf3 cxd4 6. Bc4 Qd6 7. 0-0 Nf6 8. Nb3 Nc6 9. Nbxd4 Nxd4 10. Qxd4 Qxd4 11. Nxd4 Bc5 12. Nb5 Ke7 13. Nc3 Bd7 14. Bg5 Bc6 15. Rad1 Rhd8 16. Bb5 Bxb5 17. Nxb5 h6 18. Bxf6+ Kxf6 19. c4 Rac8 20. b3 Ke7 21. Nc3 Bb4 22. Ne2 a5 23. Nd4 Rd7 24. Nb5 Rcd8 25. Rb1 Rc8 26. Rfd1 Rcd8 27. Rf1 Rc8 28. g3 a4 29. Rfd1 Rxd1+ 30. Rxd1 axb3 31. axb3 Ra8 32. Rc1 Bc5 33. Nc3 Ra3 34. Rb1 Bb4 35. Ne2 Ra2 36. Kf1 Kd6 37. Rd1+ Rd2 38. Ra1 Rb2 39. Rd1+ Rd2 40. Rxd2+ Bxd2 41. Ng1 Kc5 42. Ke2 Bc3 43. Kd3 Kb4 44. Ne2 Be1 45. f3 Kxb3 46. Nd4+ Ka4 47. Nb5 Bb4 48. Kd4 Be7 49. Nc7 Kb4 50. Ne8 Bf6+ 51. Kd3 Kc5 52. Nc7 h5 53. Nb5 Bb2 54. h3 Be5 55. g4 hxg4 56. hxg4 f5 57. Na3 Bf6 58. Nc2 fxg4 59. fxg4 Bb2 60. Ne1 e5 61. Ng2 e4+ 62. Kxe4 Kxc4 63. Ne3+ Kc5 64. g5 b5 65. g6 b4 66. Kd3 b3 67. Kd2 Bf6 68. Ng4 Bd4 69. Nh2 b2 70. Kc2 Kd5 71. Nf3 Ke4 72. Nd2+ Kf5 73. Nb3 Bf6 74. Nc5 Kxg6 75. Ne6 Kf5 76. Nc5 g5 77. Nd3 Ke4 78. Nf2+ Kf3 0-1

[Event "Zibo zt 3.5 (Women)"]
[Site "Zibo"]
[Date "2017.08.10"]
[Round "5"]
[White "Xu, Yuze"]
[Black "Zhang, Xiao"]
[Result "1/2-1/2"]
[WhiteElo "2142"]
[BlackElo "1991"]
[PlyCount "118"]
[EventDate "2017.08.07"]
[EventType "swiss"]
[EventRounds "11"]
[EventCountry "CHN"]
[SourceTitle "CBM 179 Extra"]
[Source "ChessBase"]
[SourceDate "2017.08.23"]
[SourceVersion "1"]
[SourceVersionDate "2017.08.23"]
[SourceQuality "1"]

1. e4 c6 2. d4 d5 3. exd5 cxd5 4. c4 Nf6 5. Nc3 e6 6. Nf3 Bb4 7. Bd2 Nc6 8. c5 0-0 9. Bd3 Re8 10. a3 Bxc3 11. Bxc3 Ne4 12. Bxe4 dxe4 13. Ne5 Nxe5 14. dxe5 Bd7 15. Qe2 Bc6 16. 0-0 Qd5 17. b4 Qb3 18. Bd4 Red8 19. Qe3 Qc4 20. Rfd1 Ba4 21. Rac1 Qb3 22. Qxb3 Bxb3 23. Rd2 Ba4 24. Re1 Rd5 25. Bc3 Rxd2 26. Bxd2 Rd8 27. Bc3 Rd3 28. Re3 Rxe3 29. fxe3 Bb5 30. Kf2 Kf8 31. Kg3 Ke7 32. Kf4 Bd3 33. g4 Kd7 34. b5 a6 35. a4 Bc2 36. Bb4 Bxa4 37. bxa6 bxa6 38. Kxe4 Kc6 39. Kd4 Kb5 40. Kc3 Bd1 41. g5 Bf3 42. Ba3 Bd5 43. h3 h6 44. h4 hxg5 45. hxg5 g6 46. Kb2 Ka4 47. c6 Bxc6 48. Be7 Kb5 49. Bf6 Kc4 50. Ka3 a5 51. Bd8 Kd5 52. Bf6 Ke4 53. Kb3 Kxe3 54. Kc3 Ke4 55. Kc4 Ba4 56. Kc3 Bb5 57. Kb3 Kd4 58. Kb2 a4 59. Ka3 Kc4 1/2-1/2

[Event "Zibo zt 3.5 (Women)"]
[Site "Zibo"]
[Date "2017.08.08"]
[Round "2"]
[White "Hu, Yue"]
[Black "Xu, Yuze"]
[Result "1/2-1/2"]
[WhiteElo "1940"]
[BlackElo "2142"]
[PlyCount "99"]
[EventDate "2017.08.07"]
[EventType "swiss"]
[EventRounds "11"]
[EventCountry "CHN"]
[SourceTitle "CBM 179 Extra"]
[Source "ChessBase"]
[SourceDate "2017.08.23"]
[SourceVersion "1"]
[SourceVersionDate "2017.08.23"]
[SourceQuality "1"]

1. e4 c5 2. Nf3 Nc6 3. d4 cxd4 4. Nxd4 g6 5. Nc3 Bg7 6. Be3 Nf6 7. Bc4 Qa5 8. 0-0 0-0 9. Bb3 d6 10. h3 Bd7 11. f4 Nxd4 12. Bxd4 Bc6 13. Qe1 Qb4 14. Rd1 Nxe4 15. Bxg7 Kxg7 16. Nd5 Qc5+ 17. Kh2 e6 18. Qxe4 exd5 19. Bxd5 Rfe8 20. b4 Rxe4 21. bxc5 Bxd5 22. Rxd5 dxc5 23. Rxc5 Ra4 24. Rc7 Rxa2 25. Rd1 b5 26. Rdd7 Rf8 27. Rxa7 Rxc2 28. Rd5 b4 29. Rb7 Rc4 30. f5 g5 31. Rdb5 Rf4 32. g4 Rf2+ 33. Kg3 Rc2 34. Rxb4 Rc3+ 35. Kg2 Rd8 36. Rb2 Rdd3 37. Ra7 Rg3+ 38. Kf2 Rxh3 39. Rbb7 Rh2+ 40. Kg1 Rd2 41. Rxf7+ Kg8 42. Rg7+ Kf8 43. Raf7+ Ke8 44. Re7+ Kd8 45. Re1 Rg3+ 46. Kf1 Rh3 47. Kg1 Rg3+ 48. Kf1 Rf3+ 49. Kg1 Rg3+ 50. Kf1 1/2-1/2

[Event "CHN-chB (Women)"]
[Site "Qinhuangdao"]
[Date "2017.07.20"]
[Round "10"]
[White "Xu, Yuze"]
[Black "Li, Xueyi"]
[Result "0-1"]
[WhiteElo "2171"]
[BlackElo "2149"]
[PlyCount "80"]
[EventDate "2017.07.16"]
[EventType "swiss"]
[EventRounds "11"]
[EventCountry "CHN"]
[SourceTitle "CBM 179 Extra"]
[Source "ChessBase"]
[SourceDate "2017.08.23"]
[SourceVersion "1"]
[SourceVersionDate "2017.08.23"]
[SourceQuality "1"]

1. e4 c6 2. d4 d5 3. exd5 cxd5 4. c4 Nc6 5. Nc3 Nf6 6. Bg5 e6 7. c5 Be7 8. Nf3 0-0 9. Bd3 h6 10. Bf4 b6 11. Bb5 Bd7 12. Bxc6 Bxc6 13. b4 bxc5 14. bxc5 Qa5 15. Qd2 Qa6 16. Ne5 Be8 17. h4 Ne4 18. Nxe4 dxe4 19. f3 f6 20. Ng4 h5 21. Nf2 Bd8 22. Nxe4 Ba5 23. Nc3 e5 24. Be3 Qc4 25. Rc1 Rd8 26. d5 Rxd5 27. Qb2 Rd3 28. Bd2 Bf7 29. Ne4 Re3+ 30. Kf2 Qe2+ 31. Kg3 Rxe4 32. Rce1 Bxd2 33. Rxe2 Rxe2 34. Kh3 Be6+ 35. g4 hxg4+ 36. fxg4 Rd8 37. Qc2 Re3+ 38. Kh2 Rc3 39. Qb1 Bf4+ 40. Kg2 Bd5+ 0-1